00326nam a22001217a 4500020001800000082001800018100002100036245005300057260003400110300002300144650001800167700001900185 a9780141028507 a956.70443 RIC aRicks, Thomas E. aFiasco : the American military adventure in Iraq aNew YorkbPenguin Booksc2007 axv, 477p. :e22 cm aUnited States aThomas E.Ricks